000 00626nam a2200193Ii 4500
003 JO-AjNU
008 230606s9999||||xx |||||||||||||| ||und||
040 _aJO-AjNU
_beng
_erda
_cJO-AjNU
041 _aeng
050 1 4 _aHN90.V5.S84 1972
100 3 _aStiehm,Judith,
_eauthor
_92898
245 0 0 _aNonviolent Power : Active and Passive Resistance in America
264 3 1 _aLexington: D.C. Heath and Company,1972
300 _a132p
_bIncludes Bibliography indexes(p118-132)
336 _atext
_btxt
_2rdacontent
337 _aunmediated
_bn
_2rdamedia
338 _avolume
_bnc
_2rdacarrier
650 4 _aNonviolent Power
_92899
999 _aE1518
_c1518
_d1518